Herb sela Paryzivci

Bibliographic Details
Main Author: Dacko, Juraj, 1931- (Author)
Format: Article
Language:Ukrainian
Subjects:

MARC

LEADER 00000nab a2200000 a 4500
001 vtls008427377
003 SK-MaSNL
005 20260319071311.0
008 060201c2005 xo wr p 000 c0ukr
015 |a SNBRB2006/01 
038 |a SVKPOCL 
040 |a SVKPOCL  |b slo  |c AACR2  |e AACR2 
041 0 |a ukr 
044 |a xo  |c SK 
080 |a 929.6  |2 1997 
080 |a 94(437.6)"1548/2005"  |2 1997 
100 1 |a Dacko, Juraj,  |d 1931-  |4 aut  |9 192461 
245 1 0 |a Herb sela Paryzivci  |c Jurij Dacko 
648 7 |a 1548- 2005  |2 svkpocl  |9 1066752 
650 0 7 |a erby  |2 svkpocl  |9 18910 
650 0 7 |a posviacky  |2 svkpocl  |9 284045 
651 7 |a Parihuzovce (Slovensko)  |2 svkpocl  |9 51356 
651 7 |a Snina (Slovensko : okres)  |2 svkpocl  |9 56337 
773 0 |t Nove žyttja  |g Roč. 55, č. 35-38 (2005), s. 5 
852 |a SVKPO  |b KIS3GCP 
958 |a UK 
958 |a SK 
958 |a RN 
999 |c 1753473  |d 1755403